RB Leipzig Squad 24/25 - Statistics

General Stats
  • This quiz has been taken 75 times
    31 since last reset
  • The average score is 16 of 25
Answer Stats
# Nation Former Club Answer % Correct
11 Belgium Lens Lois Openda
92%
1 Hungary Salzburg Peter Gulacsi
92%
4 Hungary Kaiserslautern Willi Orban
92%
10 Netherlands PSG Xavi Simons
88%
9 Denmark Lyngby Yussuf Poulsen
88%
44 Slovenia Leverkusen Kevin Kampl
79%
30 Slovenia Salzburg Benjamin Sesko
75%
23 France Lyon Castello Lukeba
75%
39 Germany Monaco Benjamin Henrichs
71%
22 Germany Hoffenheim David Raum
71%
3 Netherlands Feyenoord Lutsharel Geertruida
71%
24 Austria Wolfsburg Xaver Schlager
71%
7 Norway Club Brugge Antonio Nusa
67%
18 Belgium Atletico Madrid Arthur Vermeeren
67%
16 Germany Bochum Lukas Klostermann
67%
14 Austria Hoffenheim Christoph Baumgartner
63%
8 Mali Salzburg Amadou Haidara
58%
13 Austria Salzburg Nicolas Seiwald
58%
17 Germany Wolfsburg Ridle Baku
50%
5 France PSG El Chadaille Bitshiabu
42%
21 Serbia Aston Villa Kosta Nedeljkovic
42%
26 Belgium Genk Maarten Vandevoordt
38%
20 Germany Schalke Assan Ouedraogo
25%
25 Germany Paderborn Leopold Zingerle
25%
27 France Caen Tidiam Gomis
21%
No matching quizzes found
Score Distribution
Percent of People with Each Score
Percentile by Number Answered
Your Score History
You have not taken this quiz since the last reset